| 000 | 00868cam a2200217 i 4500 | ||
|---|---|---|---|
| 005 | 20251207082920.0 | ||
| 008 | 250721s2001 le gr 000 0 ara d | ||
| 020 | _a2745132539 | ||
| 082 | 1 | 4 |
_a214.61 _bص ق ل |
| 100 | 1 |
_aالصقلي، أبي القاسم عبد الرحمن بن محمد البكري _eتأليف. |
|
| 245 | 1 | 2 |
_aالدلالة على الله / _cأبي القاسم عبد الرحمن بن محمد البكري الصقلي ؛ حققه وعلق عليه احمد فريد المزيدي. |
| 250 | _aالطبعه الاولى. | ||
| 264 | 3 | 1 |
_aبيروت : _bدار الكتب العلمية، _c2001. |
| 300 | _a160 صفحه. | ||
| 650 | 1 | 7 | _aالإيمان. |
| 650 | 1 | 7 | _aالإلهيات. |
| 650 | 1 | 7 | _aالله. |
| 700 | 1 |
_aالمزيدي، أحمد فريد _eتحقيق |
|
| 942 |
_2ddc _cBK |
||
| 999 |
_c72456 _d72456 |
||